Pixar The Incredibles characters - Statistics

General Stats
  • This quiz has been taken 33 times
  • The average score is 14 of 24
Answer Stats
Picture Answer % Correct
Mr. Incredible
100%
Dash Parr
96%
Jack Jack Parr
96%
Edna Mode
93%
Frozone
93%
Violet Parr
93%
Mrs. Elastigirl
89%
Syndrome
85%
The Underminer
81%
Bomb Voyage
78%
Buddy Pine
74%
Mirage
59%
Tony Rydinger
56%
Gazerbeam
52%
Kari McKeen
41%
Brick
33%
Voyd
33%
Rick Dicker
30%
Evelyn Devour
26%
Gilbert Huph
22%
Screech
22%
Winston Devour
19%
Krushauer
15%
Thunderhead
11%
No matching quizzes found
Score Distribution
Percent of People with Each Score
Percentile by Number Answered
Your Score History
You have not taken this quiz